|
|
|
|
| LEADER |
00000nam0a2200000 4500 |
| 001 |
223366 |
| 005 |
20231101230523.0 |
| 010 |
|
|
|a 9785238021997
|
| 035 |
|
|
|a (RuTPU)RU\TPU\book\243611
|
| 035 |
|
|
|a RU\TPU\book\130026
|
| 035 |
|
|
|a RU\TPU\book\164204
|
| 090 |
|
|
|a 223366
|
| 100 |
|
|
|a 20070816d2013 m y0rusy50 ca
|
| 101 |
0 |
|
|a rus
|
| 102 |
|
|
|a RU
|
| 105 |
|
|
|a y j 001zy
|
| 200 |
1 |
|
|a Правоведение
|e учебник для вузов
|f Р. Т. Мухаев
|
| 205 |
|
|
|a 3-е изд., перераб. и доп.
|
| 210 |
|
|
|a Москва
|c ЮНИТИ
|d 2013
|
| 215 |
|
|
|a 431 с.
|
| 320 |
|
|
|a Библиографический список: с. 421-422.
|
| 330 |
|
|
|a Учебник соответствует Государственным образовательным стандартам высшего профессионального образования и включает необходимый перечень знаний, обязательных по курсу «Правоведение», отличается оригинальной подачей учебного материала. Содержание понятий, признаков государственно-правовых явлений раскрывается на основе обобщения теории и практики правового и политического развития зарубежных стран и России. Это делает процесс усвоения понятий и признаков правовых явлений осмысленным, содержательным, глубоким. Особое внимание уделяется правовой системе современного российского общества. Даны тесты для оценки качества усвоения дисциплин, словарь терминов. Для студентов неюридических вузов и факультетов.
|
| 451 |
|
1 |
|0 (RuTPU)RU\TPU\book\130026
|y 5-238-00925-9
|t Правоведение
|o учебник для вузов
|f Р. Т. Мухаев
|e 2-е изд., перераб. и доп.
|c М.
|n ЮНИТИ
|d 2007
|p 415 с.
|a Мухаев, Рашид Тазитдинович
|
| 606 |
1 |
|
|a Правоведение
|2 stltpush
|3 (RuTPU)RU\TPU\subj\67407
|9 83220
|
| 610 |
1 |
|
|a право
|
| 610 |
1 |
|
|a государство
|
| 610 |
1 |
|
|a Российская Федерация
|
| 610 |
1 |
|
|a теория
|
| 610 |
1 |
|
|a история
|
| 610 |
1 |
|
|a английское право
|
| 610 |
1 |
|
|a правовые системы
|
| 610 |
1 |
|
|a американское право
|
| 610 |
1 |
|
|a мусульманское право
|
| 610 |
1 |
|
|a Китай
|
| 610 |
1 |
|
|a Япония
|
| 610 |
1 |
|
|a Африка
|
| 610 |
1 |
|
|a государственное устройство
|
| 610 |
1 |
|
|a органы власти
|
| 610 |
1 |
|
|a Российское государство
|
| 610 |
1 |
|
|a правовые отношения
|
| 610 |
1 |
|
|a правосознание
|
| 610 |
1 |
|
|a правовая культура
|
| 610 |
1 |
|
|a законность
|
| 610 |
1 |
|
|a конституционное право
|
| 610 |
1 |
|
|a Конституция
|
| 610 |
1 |
|
|a права человека
|
| 610 |
1 |
|
|a свободы
|
| 610 |
1 |
|
|a административное право
|
| 610 |
1 |
|
|a гражданское право
|
| 610 |
1 |
|
|a трудовое право
|
| 610 |
1 |
|
|a семейное право
|
| 610 |
1 |
|
|a уголовное право
|
| 610 |
1 |
|
|a таможенное право
|
| 610 |
1 |
|
|a экологическое право
|
| 610 |
1 |
|
|a процессуальное право
|
| 610 |
1 |
|
|a учебники
|
| 686 |
|
|
|a Х620я73
|v LBC/SL-A
|2 rubbk
|
| 700 |
|
1 |
|a Мухаев
|b Р. Т.
|g Рашид Тазитдинович
|
| 801 |
|
1 |
|a RU
|b 63413507
|c 20121010
|
| 801 |
|
2 |
|a RU
|b 63413507
|c 20150604
|g RCR
|
| 900 |
|
|
|a Правоведение
|
| 942 |
|
|
|c BK
|
| 952 |
|
|
|l 8
|
| 955 |
|
|
|l 8
|
| 959 |
|
|
|a 121/20120926
|d 2
|e 500,00
|f ЧЗГЛ:1
|f АНЛ:1
|